1258 1479 1799 1976 1543 1303 1982 1585 1318 1252 1764 1505 1739 1028 1116 1723 1050 1762 1386 1329 1252 1856 1947 1756 1021 1738 1597 1967 1879 1588 1706 1370 1513 1605 1870 1828 1567 1356 1124 1779 1120 1933 1759 1051 1894 1633 1950 1355 1135 1362 1894 1127 1874 1975 1595 1144 1269 1432 1976 1666 1122 1468 1302 1535 1783 1443 1086 1136 1052 1958 1864 1362 1178 1161 1277 1022 1126 1472 1313 1867 1904 1772 1879 1950 1018 1579 1008 1015 1736 1339 1004 1412 1852 1561 1891 1260 1737 1785 1940 BCNSPRNW ULIB Ver.6.0+V

เปลี่ยนเป็นภาษาไทย

Change to English
 แสดงรายละเอียดบรรณานุกรม
  กลับหน้าหลัก

Brief Record : Get Marc (ISO 2709) : E-mail record : QR code < ปิดหน้าต่าง
LEADER : 00000nam 2200000uu 4500
001    13399125240
003     ULIB
008    161122s2559||||th 000 0 tha d
050  4 ^aPE1131^bว689ช
100 0  ^aวิรัช นิยมธรรม
110 1  ^aสถานพัฒนาการเรียนรู้ภาษาเมียนมา คณะมนุษยศาสตร์ มหาวิทยาลัยนเรศวร
245 10 ^aชุดความรู้วากยสัมพันธ์ภาษาพม่า;^d Myanmar Flower Grammar /^cวิรัช นิยมธรรม
260    ^aพิษณุโลก :^bหจก.โรงพิมพ์ตระกูลไทย,^c2559
300    ^a138 หน้า
650  4 ^aภาษาพม่า^xบทสนทนา
700 0  ^aวิรัช นิยมธรรม
710 1  ^aสถานพัฒนาการเรียนรู้ภาษาเมียนมา คณะมนุษยศาสตร์ มหาวิทยาลัยนเรศวร
945    ^p0^l0^i001544
999    ^aวรรณษา ชูชัยมงคล
รายการนี้ยังไม่มีแท็ก
คุณยังไม่ได้ล็อกอิน คุณสามารถมีกิจกรรมร่วมกับเว็บไซต์ได้ แต่ต้องล็อกอินก่อน ::
  ล็อกอิน

รายการสื่อสารสนเทศ

ลำดับที่ ประเภท เลขเรียก/บาร์โค้ด สถานที่ สถานะ
1. การศึกษาทั่วไป
การศึกษาทั่วไป
PE1131 ว689ช ฉ.1 
  Barcode: 001544
ห้องสมุดวิทยาเขตสวรรค์ประชารักษ์
►หนังสือทั่วไป
บนชั้น

รายการใกล้เคียง
    ผู้แต่ง [วิรัช นิยมธรรม]

BibComment


ยังไม่เคยถูกคอมเมนท์

คอมเมนท์ทรัพยากรรายการนี้
  คอมเมนท์: ชุดความรู้วากยสั..


 Copyright 2026. Bcnsprnw @Library